[Event "FINEC IM"]
[Site "St Petersburg RUS"]
[Date "2006.01.18"]
[Round "2"]
[White "Zacurdajev,M"]
[Black "Nikolaev,Niki"]
[Result "0-1"]
[WhiteElo "2337"]
[BlackElo "2410"]

1.d4 g6 2.e4 Bg7 3.Nc3 d6 4.Bg5 Nc6 5.Nge2 Nf6 6.f3 O-O 7.Qd2 e5 8.d5 Nd4
9.O-O-O Nxe2+ 10.Bxe2 Qe8 11.g4 a6 12.h4 Nd7 13.Bd3 f6 14.Bh6 Bxh6 15.Qxh6 Qe7
16.Qd2 Kg7 17.Ne2 h6 18.Ng3 Nc5 19.Rdg1 Bd7 20.g5 fxg5 21.hxg5 h5 22.Rh2 Rxf3
23.Kb1 Raf8 24.Qd1 Nxd3 25.Nf5+ gxf5 26.Qxf3 Nf4 27.exf5 Bxf5 28.Qb3 b6 29.Qf3 Bg6
30.a4 a5  0-1

[Event "Winter Cup"]
[Site "Bucharest ROM"]
[Date "2006.01.20"]
[Round "7"]
[White "Murariu,A"]
[Black "Sanduleac,V"]
[Result "1-0"]
[WhiteElo "2441"]
[BlackElo "2479"]

1.e4 g6 2.d4 Bg7 3.Nc3 d6 4.Nf3 Nf6 5.Be2 O-O 6.O-O c5 7.d5 Na6 8.Re1 Nc7
9.a4 e6 10.dxe6 Nxe6 11.Bc4 Ng4 12.Nd5 Nd4 13.c3 Nxf3+ 14.Qxf3 Ne5 15.Qe2 Be6
16.Bf4 a6 17.a5 Rb8 18.Red1 Re8 19.Nb6 Qe7 20.Bd5 Rbd8 21.Rac1 Qf6 22.Bxe5 Qxe5
23.Bxb7 c4 24.Ra1 d5 25.Bc6 dxe4 26.Qxe4 Qxe4 27.Bxe4 Bf8 28.Bc6 Rxd1+ 29.Rxd1 Rb8
30.Kf1 Bc5 31.Na4 Be7 32.Ke2 Kf8 33.Bd5 Bg4+ 34.f3 Bf5 35.Nb6 Bd3+ 36.Rxd3 cxd3+
37.Kxd3 Ke8 38.Kc4 Kd8 39.Bxf7 Kc7 40.b4 Bd6 41.h3 Rf8 42.Bd5 Bg3 43.Be4 Bf2
44.Nd5+ Kd6 45.Kb3 g5 46.c4 h5 47.Ka4 Rc8 48.c5+ Bxc5 49.bxc5+ Kxc5 50.Nb4 Rd8
51.Nxa6+ Kc4 52.Bg6 Rd2 53.Bf7+ Kd4 54.Bxh5 Rxg2 55.Nb4 Kc5 56.Kb3 Rg1 57.Nd3+ Kb5
58.Kc3 Kxa5 59.Kd4 Kb6 60.Ke4 Kc6 61.Kf5 Kd6 62.Ne5 Ra1 63.Nf7+ Ke7 64.Nxg5 Ra5+
65.Kg4 Kf6 66.Ne4+ Kg7 67.Be8 Ra8 68.Bd7 Ra7 69.Bf5 Kh6 70.f4 Ra4 71.Ng3 Rb4
72.Bd3 Ra4 73.Nf5+ Kg6 74.Ne3+ Kh6 75.Nc4 Ra1 76.Ne5 Ra4 77.Kf5 Rb4 78.Bc4 Ra4
79.Kf6 Rb4 80.f5 Rb6+ 81.Be6 Ra6 82.Ke7 Ra5 83.Nd7  1-0

[Event "4th Parsvnath Open"]
[Site "New Delhi IND"]
[Date "2006.01.20"]
[Round "8"]
[White "Ramesh,R"]
[Black "Koshy,V"]
[Result "1-0"]
[WhiteElo "2491"]
[BlackElo "2316"]

1.e4 d6 2.d4 g6 3.Nc3 Bg7 4.Be3 c6 5.Qd2 Nd7 6.O-O-O b5 7.f4 Qa5 8.Kb1 Nb6
9.Bd3 Rb8 10.Nf3 Bg4 11.Rhf1 Nf6 12.h3 Bxf3 13.Rxf3 Nc4 14.Bxc4 bxc4 15.Qe1 O-O
16.Bc1 Nd7 17.e5 Rb7 18.e6 Nf6 19.exf7+ Rxf7 20.Qe6 Qa6 21.f5  1-0

[Event "2nd Bundesliga West 2005-6"]
[Site "Austria AUT"]
[Date "2006.01.21"]
[Round "7"]
[White "Gattenloehner,S"]
[Black "Kroell,J"]
[Result "1-0"]
[WhiteElo "2227"]
[BlackElo "2176"]

1.e4 g6 2.d4 Bg7 3.Nc3 d6 4.Be3 Nd7 5.h4 h5 6.Nh3 e6 7.Ng5 Ne7 8.Qd2 a6 9.O-O-O b5
10.f3 Nb6 11.g4 f6 12.Nh3 hxg4 13.fxg4 Rxh4 14.Qf2 Rh8 15.Bd3 Nc4 16.Bxc4 bxc4
17.Nf4 Rxh1 18.Rxh1 e5 19.dxe5 fxe5 20.Nfd5 Nxd5 21.Nxd5 c6 22.Rh7 cxd5 23.Rxg7 Be6
24.Qh2 Bf7 25.Qh8+  1-0

[Event "TCh-BEL 2005-6"]
[Site "Belgium BEL"]
[Date "2006.01.21"]
[Round "7"]
[White "Schalkx,J"]
[Black "Hausrath,D"]
[Result "0-1"]
[WhiteElo "2274"]
[BlackElo "2466"]

1.e4 g6 2.d4 Bg7 3.Nc3 d6 4.Nge2 a6 5.g3 b5 6.Bg2 Bb7 7.O-O e6 8.Be3 b4 9.Nb1 Nf6
10.Qd2 Bxe4 11.Bxe4 Nxe4 12.Qxb4 Nd7 13.Qb7 d5 14.b3 O-O 15.c4 Nec5 16.Qb4 Nd3
17.Qa5 c5 18.cxd5 Qxa5  0-1

[Event "Classic"]
[Site "Queenstown NZL"]
[Date "2006.01.21"]
[Round "7"]
[White "Oliver,S"]
[Black "Bennion,D"]
[Result "1/2-1/2"]
[WhiteElo "1956"]
[BlackElo "2074"]

1.e4 g6 2.d4 Bg7 3.Nc3 d6 4.Be3 Nf6 5.f3 c6 6.Qd2 e5 7.dxe5 dxe5 8.Qxd8+ Kxd8
9.O-O-O+ Nbd7 10.Bc4 Ke7 11.Nge2 b5 12.Bb3 a5 13.a4 b4 14.Nb1 Rb8 15.Nd2 Ba6
16.Nc4 Rhc8 17.Ng3 Bxc4 18.Bxc4 c5 19.b3 Nb6 20.Ba6 Rc7 21.Nf1 Ne8 22.Nd2 Nd6
23.Be2 f5 24.g4 fxg4 25.fxg4 Nd7 26.g5 Nf8 27.Bd3 Ne6 28.Nc4 Nxc4 29.Bxc4 Nd4
30.Rhf1 Rf8 31.Rxf8 Bxf8 32.Rf1 Ke8 33.Bxd4 cxd4 34.Bb5+ Ke7 35.Bc4 Ke8 36.Bb5+ Ke7
37.Bc4  1/2-1/2

[Event "Open"]
[Site "Zagreb CRO"]
[Date "2006.01.21"]
[Round "8"]
[White "Martinovic,Sa"]
[Black "Bukal,V jr"]
[Result "1-0"]
[WhiteElo "2182"]
[BlackElo "2445"]

1.d4 g6 2.e4 Bg7 3.Nc3 d6 4.g3 Nf6 5.Bg2 O-O 6.Nge2 e5 7.O-O Na6 8.h3 exd4
9.Nxd4 Re8 10.Nb3 Bd7 11.Re1 Qc8 12.g4 h5 13.g5 Nh7 14.Kh2 b5 15.a3 c5 16.Be3 b4
17.axb4 cxb4 18.Nd5 Bxb2 19.Bd4 Bxd4 20.Qxd4 Nc7 21.Nf6+ Nxf6 22.gxf6 Nb5
23.Qxb4 Qxc2 24.Nd4 Qc3 25.Qxc3 Nxc3 26.e5 d5 27.Ra5 Be6 28.Rea1 g5 29.Rxa7 Rac8
30.Rb7 Rb8 31.Rc7 Nb5 32.Nxe6 Rxe6 33.Rc5 d4 34.Rb1 Reb6 35.Bf1 Na7 36.Rxb6 Rxb6
37.Rc7 Rb1 38.Bc4  1-0

[Event "Open"]
[Site "Zagreb CRO"]
[Date "2006.01.21"]
[Round "8"]
[White "Mrdja,M"]
[Black "Djurovic,G"]
[Result "1-0"]
[WhiteElo "2313"]
[BlackElo "2161"]

1.e4 g6 2.d4 Bg7 3.Nc3 d6 4.Be3 a6 5.a4 b6 6.Qd2 Bb7 7.f3 Nd7 8.Nh3 e6 9.Nf2 d5
10.h4 h5 11.Bg5 Ne7 12.exd5 exd5 13.g4 Nf6 14.O-O-O Bc8 15.Bh3 hxg4 16.fxg4 Be6
17.Rde1 Nh7 18.Bxe7 Kxe7 19.g5 Nf8 20.Bxe6 Nxe6 21.Ng4 c6 22.Qf2 Ra7 23.Rhf1 Ke8
24.Ne2 Re7 25.c3 Qd6 26.Kb1 Kd8 27.Nc1 a5 28.Nd3 Bf8 29.Re3 c5 30.dxc5 bxc5
31.Qd2 c4 32.Nde5 Nc5 33.Nxc4 Nb3 34.Qd1 Qa6 35.Qxb3 dxc4 36.Qb8+ Qc8 37.Qxc8+  1-0

[Event "GM"]
[Site "Marianske Lazne CZE"]
[Date "2006.01.24"]
[Round "5"]
[White "Voloshin,L"]
[Black "Grigorjev,E"]
[Result "1-0"]
[WhiteElo "2466"]
[BlackElo "2276"]

1.d4 d6 2.e4 g6 3.Nc3 Bg7 4.Be3 Nf6 5.f3 c6 6.Qd2 Nbd7 7.O-O-O Qa5 8.Kb1 b5
9.g4 h5 10.g5 Nh7 11.f4 Nb6 12.b3 e6 13.e5 O-O 14.Ne4 Qxd2 15.Bxd2 d5 16.Nf6+ Bxf6
17.gxf6 a5 18.Nf3 Bd7 19.Rg1 Rfc8 20.Bd3 Kf8 21.Bxg6 fxg6 22.Rxg6 Ke8 23.Rg8+ Nf8
24.Rdg1 Rc7 25.R1g7 Nc8 26.Ng5  1-0

[Event "Winter Open"]
[Site "Belgrade SCG"]
[Date "2006.01.25"]
[Round "5"]
[White "Simic,Ze"]
[Black "Pantovic,D"]
[Result "0-1"]
[WhiteElo "2219"]
[BlackElo "2129"]

1.e4 g6 2.d4 Bg7 3.Nc3 d6 4.Be3 a6 5.Qd2 b5 6.f3 Nd7 7.Nge2 Bb7 8.a3 Rc8
9.g4 Ngf6 10.Bg2 c5 11.Bh6 Bxh6 12.Qxh6 b4 13.Nd1 cxd4 14.Nxd4 e5 15.Ne2 Rxc2
16.Qe3 bxa3 17.Rxa3 O-O 18.h4 d5 19.Qb3 Rc7 20.g5 Nc5 21.Qa2 Nh5 22.b4 Ne6
23.exd5 Bxd5 24.Qd2 Nef4 25.Ne3 Rd7 26.Qc2 Nxe2 27.Qxe2 Qb6 28.Rxa6 Qxb4+
29.Kf2 Nf4 30.Qc2 Bb7 31.Ra2 Rc8 32.Qb1 Rd2+ 33.Kg3 Ne2+ 34.Kh3 Qf4 35.Nf1  0-1

[Event "14th FAJR Open"]
[Site "Tehran IRI"]
[Date "2006.01.25"]
[Round "3"]
[White "Alizadeh,G"]
[Black "Kolyaie,H"]
[Result "1-0"]
[WhiteElo "2220"]
[BlackElo "2075"]

1.e4 g6 2.d4 Bg7 3.Nc3 d6 4.Be3 c6 5.Qd2 Qc7 6.f4 Nf6 7.Nf3 Bg4 8.Be2 Nbd7
9.O-O O-O 10.e5 Nd5 11.Nxd5 cxd5 12.h3 Bxf3 13.Bxf3 e6 14.Qf2 Rac8 15.c3 b5
16.Be2 Rb8 17.Rac1 a6 18.Bd3 Rfc8 19.g4 Nb6 20.exd6 Qxd6 21.f5 Rb7 22.Rce1 Nc4
23.Bf4 Qd8 24.fxe6 fxe6 25.Rxe6 Rf7 26.Qe2 Qd7 27.Bg3 Rxf1+ 28.Kxf1 Rf8+
29.Kg2 Qc8 30.Bxc4 dxc4 31.Qe4 Qa8 32.Qxa8 Rxa8 33.Rb6 Bh6 34.Be5 Bc1 35.Rb7 Bxb2
36.Rg7+ Kf8 37.Rxh7 Re8 38.Rh8+ Kf7 39.Rh7+ Ke6 40.Kf3 Bxc3 41.Ke4 Bxd4 42.Bxd4 Kd6+
43.Kf3 b4 44.Be3 c3 45.Bf4+ Kd5 46.Rc7 Kd4 47.h4 Kd3 48.h5 gxh5 49.gxh5 a5
50.h6 a4 51.h7 Kd4 52.Bh6 Kd3 53.Bg7 c2 54.h8=Q Rxh8 55.Bxh8 Kd2 56.Bb2 a3
57.Rd7+ Ke1 58.Bc1 b3 59.axb3 a2 60.Ra7 Kd1 61.Rxa2 Kxc1 62.b4 Kb1 63.Rxc2  1-0

[Event "Gibtelecom Masters"]
[Site "Gibraltar ENG"]
[Date "2006.01.26"]
[Round "3"]
[White "Sutovsky,E"]
[Black "McNab,C"]
[Result "1-0"]
[WhiteElo "2624"]
[BlackElo "2456"]

1.e4 g6 2.d4 d6 3.Nc3 Bg7 4.Bg5 Nc6 5.Nge2 Nf6 6.f3 e5 7.dxe5 Nxe5 8.Nd4 h6
9.Be3 d5 10.Qd2 dxe4 11.O-O-O O-O 12.Bxh6 c5 13.Bxg7 Kxg7 14.Qf4 Qe7 15.Nb3 exf3
16.gxf3 b6 17.Bb5 a6 18.Rhe1 axb5 19.Rxe5 Be6 20.Nxb5 Rxa2 21.Nd6 Qa7 22.Qe3 Bxb3
23.cxb3 Ra1+ 24.Kc2 Rxd1 25.Nf5+ Kg8 26.Qh6 Rd2+ 27.Kxd2 Qd7+ 28.Kc1 gxf5
29.Qg5+ Kh7 30.Rxf5 Ne8 31.Qg4  1-0

[Event "Gibtelecom Masters"]
[Site "Gibraltar ENG"]
[Date "2006.01.26"]
[Round "3"]
[White "Schramm,B"]
[Black "Speck,N"]
[Result "0-1"]
[WhiteElo "2126"]
[BlackElo "2371"]

1.e4 g6 2.d4 Bg7 3.Nc3 d6 4.f4 a6 5.Nf3 b5 6.Bd3 Nd7 7.O-O c5 8.d5 c4 9.Be2 Qb6+
10.Kh1 Ngf6 11.Qd4 Qxd4 12.Nxd4 Nxe4 13.Nxe4 Bxd4 14.c3 Bb6 15.b3 cxb3 16.axb3 Bb7
17.c4 O-O 18.f5 Bd4 19.Rb1 Nf6 20.Ng5 b4 21.h3 a5 22.fxg6 hxg6 23.Bb2 Bxb2
24.Rxb2 Nd7 25.Bd1 Ne5 26.Nf3 f6 27.Be2 Nxf3 28.gxf3 Bc8 29.Ra1 Bd7 30.Rba2 a4
31.bxa4 b3 32.Rb2 Bxa4 33.Ra3 Kf7 34.Bd1 Bd7 35.Rxa8 Rxa8 36.Bxb3 Rb8 37.Rb1 Bf5
38.Rb2 Bd3 39.c5 Bc4 40.c6 Bxb3 41.c7 Rc8 42.Rxb3 Rxc7 43.Kg2 Rc4 44.Rd3 g5
45.Kg3 Rf4 46.Rd2 Ke8 47.Rd1 Kd7 48.Rd2 Kc7 49.Rd1 Rf5 50.Kg4 Rf4+ 51.Kg3 Kd7
52.Rd2 Ke8 53.Rd1 Kf8 54.Rd2 Kf7 55.Rd1 Rc4 56.Rd3 f5 57.Rd1 Kf6 58.Rd2 Rh4
59.Rd1 Ke5 60.Re1+ Kf6 61.Rd1 Ra4 62.Rd3 f4+ 63.Kg2 Ke5 64.Rd2 Rd4 65.Re2+ Kf6
66.h4 gxh4 67.Kh3 Rxd5 68.Kxh4 Rd1  0-1

[Event "Gibtelecom Masters"]
[Site "Gibraltar ENG"]
[Date "2006.01.27"]
[Round "4"]
[White "Thipsay,B"]
[Black "Bellon Lopez,JuM"]
[Result "0-1"]
[WhiteElo "2219"]
[BlackElo "2415"]

1.e4 g6 2.d4 Bg7 3.Nc3 d6 4.f4 a6 5.Nf3 e6 6.Bd3 Nd7 7.O-O Ne7 8.e5 d5 9.Ne2 c5
10.c3 h5 11.Be3 Qc7 12.Bf2 Nf5 13.Rc1 Bf8 14.Bb1 Nb6 15.dxc5 Bxc5 16.Ned4 Bd7
17.Qe2 Rc8 18.Bd3 Be7 19.g3 Na4 20.c4 O-O 21.b3 Nb6 22.Bxf5 gxf5 23.c5 Na8
24.Ne1 Kg7 25.Qxh5 Qa5 26.Nd3 Nc7 27.Qe2 Nb5 28.a4 Nxd4 29.Bxd4 Rh8 30.Kh1 Rh6
31.Rf2 Rg6 32.g4 Rxg4 33.Rg2 Rg6 34.Rxg6+ fxg6 35.Qf2 Rh8 36.c6 Bxc6 37.Kg1 Qd8
38.Bc5 Kf7 39.Bd6 Rh3 40.Bxe7 Qxe7 41.Nc5 d4 42.b4 Rf3 43.Qxd4 Qh4  0-1

[Event "Gibtelecom Masters"]
[Site "Gibraltar ENG"]
[Date "2006.01.27"]
[Round "4"]
[White "Shaw,J"]
[Black "Giacopelli,V"]
[Result "1-0"]
[WhiteElo "2432"]
[BlackElo "2102"]

1.e4 d6 2.d4 g6 3.Nc3 Bg7 4.f4 a6 5.Nf3 Nd7 6.a4 b6 7.Bc4 h6 8.O-O Bb7 9.f5 gxf5
10.exf5 Ndf6 11.Bf4 d5 12.Bd3 Nh5 13.Be5 Nhf6 14.Qe2 c5 15.b3 Kf8 16.a5 Nd7
17.Bxg7+ Kxg7 18.axb6 Qxb6 19.Ne5 Nxe5 20.Na4 Qc7 21.dxe5 Kf8 22.f6 exf6
23.exf6 d4 24.Qg4 Nxf6 25.Rxf6 Rg8 26.Bg6 Qe7 27.Raf1 Bd5 28.Nb6  1-0

[Event "Gibtelecom Masters"]
[Site "Gibraltar ENG"]
[Date "2006.01.28"]
[Round "5"]
[White "Ganguly,S"]
[Black "Speck,N"]
[Result "0-1"]
[WhiteElo "2579"]
[BlackElo "2371"]

1.e4 g6 2.d4 Bg7 3.Nc3 d6 4.Be3 a6 5.a4 b6 6.f4 Nf6 7.Nf3 O-O 8.Bd3 c5 9.h3 cxd4
10.Bxd4 Nc6 11.Be3 Bb7 12.O-O d5 13.e5 d4 14.Nxd4 Nxd4 15.exf6 Bxf6 16.Be4 Nf5
17.Qxd8 Raxd8 18.Bxb6 Bxe4 19.Nxe4 Bxb2 20.Bxd8 Bxa1 21.Bb6 Bd4+ 22.Bxd4 Nxd4
23.c3 Ne2+ 24.Kh2 Rc8 25.Rf2 Nc1 26.Rb2 Nd3 27.Rb7 Kf8 28.a5 Rc4 29.Ng5 h6
30.Nf3 Rc5 31.Rb8+ Kg7 32.Rb7 Kf8 33.Rb8+ Kg7 34.Rb7 Rxa5 35.Rxe7 Nxf4 36.Ra7 Kf6
37.Kg3 Ne2+ 38.Kf2 Nxc3 39.g4 Ra2+ 40.Ke3 Ra4 41.h4 Nd5+ 42.Kf2 Rxg4 43.Rxa6+ Kg7
44.Ra7 Re4 45.Kg3 Ne3 46.h5 Nf5+ 47.Kf2 g5 48.Ra5 Rf4  0-1

[Event "Gibtelecom Masters"]
[Site "Gibraltar ENG"]
[Date "2006.01.28"]
[Round "5"]
[White "Dunn,Al"]
[Black "McNab,C"]
[Result "0-1"]
[WhiteElo "2076"]
[BlackElo "2456"]

1.e4 g6 2.d4 d6 3.Nc3 Bg7 4.f4 Nf6 5.Nf3 O-O 6.Be3 b6 7.Qd2 Bb7 8.e5 Ng4
9.O-O-O c5 10.dxc5 bxc5 11.Bxc5 Qa5 12.Ba3 dxe5 13.h3 Bh6 14.Ng5 exf4 15.Nxf7 Rxf7
16.hxg4 Bg5 17.Ne4 Qxd2+ 18.Nxd2 f3 19.gxf3 Bxf3 20.Bc4 Bxh1 21.Rxh1 Nc6
22.Bxf7+ Kxf7 23.Rxh7+ Kf6 24.b3 Bf4 25.c4 Rd8 26.Bb2+ Kg5 27.Bc3 Kxg4 28.b4 Ne5
29.Rxe7 Nxc4 30.Re4 Nxd2 31.Bxd2 Rxd2 32.Rxf4+ Kxf4 33.Kxd2 Ke4 34.b5 Kd4  0-1

[Event "GM"]
[Site "Marianske Lazne CZE"]
[Date "2006.01.28"]
[Round "10"]
[White "Kersten,U"]
[Black "Grigorjev,E"]
[Result "1-0"]
[WhiteElo "2316"]
[BlackElo "2276"]

1.e4 d6 2.d4 g6 3.Nc3 Bg7 4.Be3 a6 5.Nf3 Nf6 6.a4 O-O 7.h3 e6 8.Bd3 Nc6 9.O-O Nb4
10.Be2 b6 11.a5 b5 12.Nd2 Bb7 13.Bf3 Rc8 14.Nb3 Qe7 15.Bg5 e5 16.Re1 h6 17.Bh4 c6
18.Nb1 g5 19.Bg3 c5 20.d5 c4 21.N3d2 Nbxd5 22.exd5 Nxd5 23.Nxc4 Rxc4 24.Bxd5 Bxd5
25.Qxd5 Rxc2 26.Nc3 Rxb2 27.Rad1 Qc7 28.Ne4 Qxa5 29.Nxd6 Qa2 30.Qf3 Qe6 31.Nf5 Rb3
32.Qg4 a5 33.Rd6 Qc4 34.Ne7+ Kh7 35.Qh5 Kh8 36.Bxe5  1-0

[Event "11th HIT Open A"]
[Site "Nova Gorica SLO"]
[Date "2006.01.28"]
[Round "4"]
[White "Drazic,S"]
[Black "Skoberne,J"]
[Result "1/2-1/2"]
[WhiteElo "2488"]
[BlackElo "2344"]

1.e4 g6 2.d4 Bg7 3.Nc3 d6 4.Be3 c6 5.h3 b5 6.f4 Bb7 7.Bd3 Nd7 8.e5 Qc7 9.Nf3 b4
10.Ne4 c5 11.c3 c4 12.Bc2 bxc3 13.bxc3 Nb6 14.O-O f5 15.exf6 exf6 16.f5 Nd5
17.Bd2 Nge7 18.Nh4 O-O-O 19.Qe2 Kb8 20.Rab1 Rde8 21.Qf2 g5 22.Nf3 Ka8 23.Nh2 h5
24.Qg3 Nc8 25.Rfe1 Bh6 26.Qf2 Ncb6 27.Nf1 Qd8 28.g3 g4 29.h4 Qc7 30.a4 Bxd2
31.Nfxd2 Qc6 32.Kh2 Re7 33.a5 Nc8 34.Ra1 a6 35.Qf1 Na7 36.Qxc4 Rhe8 37.Ba4 Nb5
38.Qxc6 Bxc6 39.c4 Ndc3 40.cxb5 Bxe4 41.b6 Nxa4 42.Rxe4 Nxb6 43.Rae1 Nd5
44.Rxe7 Rxe7 45.Rxe7 Nxe7 46.Ne4 Nxf5 47.d5  1/2-1/2

[Event "Gibtelecom Masters"]
[Site "Gibraltar ENG"]
[Date "2006.01.29"]
[Round "6"]
[White "Rautanen,S"]
[Black "Hickman,J"]
[Result "1/2-1/2"]
[WhiteElo "1929"]
[BlackElo "2082"]

1.e4 g6 2.d4 d6 3.Nc3 Bg7 4.Be3 a6 5.f4 b5 6.Be2 Nd7 7.Qd3 Bb7 8.Bf3 c5 9.dxc5 Nxc5
10.Bxc5 dxc5 11.Qxd8+ Rxd8 12.e5 Bxf3 13.Nxf3 Nh6 14.Ke2 Nf5 15.Rhd1 Nd4+
16.Nxd4 cxd4 17.Ne4 O-O 18.Nc5 Rc8 19.b4 Rfd8 20.Rd2 Rc6 21.Rad1 f6 22.Rxd4 Rxd4
23.Rxd4 fxe5 24.fxe5 Bxe5 25.Re4 Bxh2 26.Rxe7 Bg1 27.Re6 Rxe6+ 28.Nxe6 Bb6
29.Kd3 Kf7 30.Nf4 g5 31.Nd5 Bd8 32.Ke4 Ke6 33.g4 Kd6 34.Kd4  1/2-1/2

[Event "Bundesliga 2005-6"]
[Site "Kreuzberg GER"]
[Date "2006.01.29"]
[Round "9"]
[White "Balzar,A"]
[Black "Thiede,L"]
[Result "0-1"]
[WhiteElo "2374"]
[BlackElo "2460"]

1.e4 d6 2.d4 g6 3.Nc3 Bg7 4.h4 Nf6 5.Be2 c5 6.dxc5 Qa5 7.Qd3 Qxc5 8.Be3 Qa5
9.h5 Nxh5 10.Bxh5 Bxc3+ 11.bxc3 gxh5 12.Ne2 Nc6 13.Nf4 Bg4 14.f3 Ne5 15.Qd1 Qxc3+
16.Kf2 Rc8 17.Rc1 Be6 18.Bd4 Qc4 19.Rxh5 f6 20.Bxa7 Qxa2 21.Bd4 Bf7 22.Rh1 Nc6
23.Ra1 Qc4 24.Be3 Nb4 25.Rc1 Na2 26.Ra1 Qxc2+ 27.Ne2 b5 28.Qb1 b4 29.Rd1 b3
30.Rd2 Qxb1 31.Rxb1 Kd7 32.Bd4 Rc7 33.Bb2 Rhc8 34.Nd4 e5 35.Nb5 Rc2 36.Rd1 R8c6
37.Ke3 Rxd2 38.Rxd2 Nb4 39.g4 d5 40.g5 Rc5 41.Na3 Nc2+ 42.Ke2 d4 43.gxf6 Ke6
44.Nxc2 bxc2 45.Bc1 Kxf6 46.Ke1 Bh5 47.Rf2 Rc3 48.f4 Bf3 49.Kd2 Bxe4 50.Re2 Kf5
51.fxe5 Kxe5 52.Bb2 Rb3 53.Kc1 Rg3  0-1

[Event "IM"]
[Site "Marianske Lazne CZE"]
[Date "2006.01.29"]
[Round "11"]
[White "Biolek,R2"]
[Black "Pribyl,Jo"]
[Result "1/2-1/2"]
[WhiteElo "2454"]
[BlackElo "2426"]

1.e4 g6 2.d4 Bg7 3.Nc3 d6 4.Nf3 Nf6 5.Be2 O-O 6.O-O Bg4 7.Be3 Nc6 8.d5 Bxf3
9.Bxf3 Ne5 10.Be2 c6 11.f4 Ned7 12.Bf3 cxd5 13.exd5 Rc8 14.Qd2 a6 15.Rfe1 Nb6  1/2-1/2

[Event "14th FAJR Open"]
[Site "Tehran IRI"]
[Date "2006.01.29"]
[Round "8"]
[White "Mallahi,A"]
[Black "Ghaem Maghami,E"]
[Result "1/2-1/2"]
[WhiteElo "2426"]
[BlackElo "2564"]

1.e4 d6 2.d4 g6 3.Nc3 Bg7 4.Be3 c6 5.Qd2 Nd7 6.f3 b5 7.g4 Bb7 8.h4 h5 9.g5 a6
10.f4 b4 11.Nce2 c5 12.Ng3 Rc8 13.Nf3 Qc7 14.c3 bxc3 15.bxc3 e6 16.Bg2 Ne7
17.O-O d5 18.Ne5 dxe4 19.Nxe4 Bxe4 20.Bxe4  1/2-1/2

[Event "Gibtelecom Masters"]
[Site "Gibraltar ENG"]
[Date "2006.01.30"]
[Round "7"]
[White "Suuronen,P"]
[Black "Giacopelli,V"]
[Result "1/2-1/2"]
[WhiteElo "1931"]
[BlackElo "2102"]

1.d4 d6 2.e4 g6 3.Nc3 Bg7 4.Be3 a6 5.f3 Nc6 6.Nge2 e5 7.d5 Nb8 8.g4 f5 9.gxf5 gxf5
10.h4 f4 11.Bf2 h5 12.Qd2 Nd7 13.Ng1 Nf8 14.O-O-O Bf6 15.Kb1 Ne7 16.Nce2 Neg6
17.Qe1 Kf7 18.c4 b6 19.Nc1 Be7 20.Nd3 a5 21.Ne2 Ba6 22.Rc1 Nd7 23.Bh3 Ndf8
24.b3 Rg8 25.Nc3 Bc8 26.Nb5 Bxh3 27.Rxh3 Nd7 28.Qh1 Nb8 29.Rh2 Na6 30.Rg1 Qd7
31.Rhg2 Nh8 32.Rxg8 Rxg8 33.Rxg8 Kxg8 34.Qg2+ Kh7 35.Na7 Ng6 36.Qh2 Nb8 37.Ne1 Kh6
38.Ng2 Bd8 39.Nb5 Na6 40.Na7 Nb4 41.Ne1 a4 42.Kb2 axb3 43.axb3 c6 44.Nxc6 Nxc6
45.dxc6 Qxc6 46.Qh3 b5 47.Qe6 bxc4 48.bxc4 Ba5 49.Nd3 Qb7+ 50.Kc2 Qe7  1/2-1/2

[Event "11th HIT Open A"]
[Site "Nova Gorica SLO"]
[Date "2006.01.30"]
[Round "6"]
[White "Kozul,Z"]
[Black "Azmaiparashvili,Z"]
[Result "1/2-1/2"]
[WhiteElo "2600"]
[BlackElo "2658"]

1.d4 d6 2.e4 g6 3.Nc3 Bg7 4.Be3 a6 5.f4 Nc6 6.Nf3 Bg4 7.d5 Nb8 8.h3 Bxf3
9.Qxf3 c6 10.g4 Qa5 11.Bd2 Nd7 12.g5 h6 13.h4 hxg5 14.hxg5 Rxh1 15.Qxh1 Qb4
16.O-O-O cxd5 17.e5 Qc5 18.Nxd5 Rc8 19.Bc3 Qf2 20.Bh3 e6 21.Rd2 Qg3 22.Rd3 Qf2
23.Rf3 Qe2 24.Nf6+ Ngxf6 25.exf6 Bf8 26.Qf1 Qxf1+ 27.Bxf1 Rc6 28.Rh3 d5 29.Bd3 Nc5
30.Kb1 Nxd3 31.cxd3 Rc8 32.Rh1 Bc5 33.Be5 Kd7 34.Rh7 Rf8 35.d4  1/2-1/2

[Event "11th HIT Open A"]
[Site "Nova Gorica SLO"]
[Date "2006.01.30"]
[Round "7"]
[White "Kokol,P"]
[Black "Skoberne,J"]
[Result "0-1"]
[WhiteElo "2153"]
[BlackElo "2344"]

1.e4 g6 2.d4 Bg7 3.Nc3 d6 4.Be3 a6 5.Qd2 Nf6 6.f3 b5 7.h4 h6 8.g4 h5 9.g5 Ng8
10.Nge2 Nd7 11.Ng3 Bb7 12.Be2 e5 13.a4 b4 14.Nd1 Ne7 15.O-O O-O 16.f4 exf4
17.Rxf4 c5 18.c3 bxc3 19.bxc3 Qc7 20.Nb2 Rac8 21.d5 Ne5 22.Rf6 Rce8 23.Bf4 Nc8
24.Bxe5 Rxe5 25.Nc4 Qe7 26.Nxe5 Qxe5 27.Rf3 Ne7 28.Rb1 Bc8 29.Rb8 a5 30.Bd1 Bg4
31.Rxf8+ Kxf8 32.Re3 Bxd1 33.Qxd1 Qf4 34.Rf3 Qxh4 35.Qf1 Qxg5 36.Rxf7+ Kg8
37.Kh2 Be5 38.Rf8+ Kg7 39.Rf7+ Kh6 40.Qf3 h4 41.Kh3 hxg3 42.Kg2 Ng8 43.Ra7 Nf6
44.Rxa5 Ng4 45.Ra7 Qd2+ 46.Kg1 Qh2+ 47.Kf1 g2+  0-1

[Event "Gibtelecom Masters"]
[Site "Gibraltar ENG"]
[Date "2006.02.01"]
[Round "9"]
[White "Shirov,A"]
[Black "McNab,C"]
[Result "1-0"]
[WhiteElo "2709"]
[BlackElo "2456"]

1.e4 g6 2.d4 d6 3.Nc3 Bg7 4.f4 Nf6 5.Nf3 O-O 6.Be3 b6 7.Qd2 Bb7 8.e5 Ng4
9.O-O-O c5 10.dxc5 bxc5 11.Bxc5 Qa5 12.Ba3 dxe5 13.Nd5 Qxd2+ 14.Rxd2 Bxd5
15.Rxd5 Ne3 16.Rd2 Nxf1 17.Rxf1 Nc6 18.Nxe5 Nxe5 19.fxe5 Bh6 20.Bxe7 Rfb8
21.Rf2 Rb5 22.Bf6 Rd5 23.c4 Rc8 24.b3 Rc6 25.g4 Rxd2 26.Rxd2 Bxd2+ 27.Kxd2 Kf8
28.Kc3 Ra6 29.a4 Ke8 30.c5 Kd7 31.Kc4 Kc6 32.Be7 Ra5 33.g5 Ra6 34.Bd6 Ra5
35.Kb4 Ra6 36.h4 Kb7 37.Kb5 Rc6 38.b4 a6+ 39.Kc4 Rc8 40.Kd5 Re8 41.c6+ Kb6
42.Bc5+ Kc7 43.a5 Kb8 44.Bd6+ Ka7 45.Kc5 Re6 46.b5 axb5 47.Kxb5 Re8 48.c7  1-0

[Event "Gibtelecom Masters"]
[Site "Gibraltar ENG"]
[Date "2006.02.02"]
[Round "10"]
[White "Spence,D"]
[Black "Hickman,J"]
[Result "1-0"]
[WhiteElo "2221"]
[BlackElo "2082"]

1.e4 g6 2.d4 Bg7 3.Nc3 d6 4.Bg5 Nd7 5.Qd2 h6 6.Bh4 a6 7.a4 b6 8.f4 Bb7 9.Nf3 c5
10.d5 Qc7 11.Bc4 Ngf6 12.O-O O-O-O 13.Rfb1 Rde8 14.Ra3 e6 15.dxe6 fxe6 16.Qd3 g5
17.fxg5 hxg5 18.Bg3 Nh5 19.Bxd6 Qd8 20.Bxa6 g4 21.e5 Ndf6 22.Qb5 Qd7 23.Qxb6 Nd5
24.Qa7 Qc6 25.Nxd5 exd5 26.Bb5  1-0

[Event "ch-GER"]
[Site "Osterburg GER"]
[Date "2006.02.05"]
[Round "3"]
[White "Gikas,B"]
[Black "Schunk,T1"]
[Result "1/2-1/2"]
[WhiteElo "2231"]
[BlackElo "2315"]

1.e4 d6 2.d4 g6 3.Nc3 Bg7 4.f4 Nf6 5.Nf3 c5 6.Be2 cxd4 7.Nxd4 O-O 8.Nb3 Nc6
9.O-O a6 10.a4 Na5 11.Nxa5 Qxa5 12.Be3 Be6 13.Bf3 Rac8 14.Nd5 Bxd5 15.exd5 Qb4
16.c3 Qxb2 17.Bd4 Ne8 18.Rb1 Bxd4+ 19.cxd4 Qc3 20.Rxb7 Rc4 21.Rxe7 Rxd4 22.Qe1 Qc5
23.Kh1 Nf6 24.Qa1 Nxd5 25.Bxd5 Qxd5 26.Re2 Qc4 27.Ref2 Qxa4 28.Ra2 Qc4 29.f5 Rf4
30.Rc1 Qe4 31.Rxa6 Rxf5 32.Rxd6 Qf4 33.Rd4 Qe3 34.Rcd1 Qg5 35.Qc1 Qxc1 36.Rxc1 Re8
37.Rd2 h5 38.Kg1 Kg7 39.Rf1 Ree5 40.Rxf5 Rxf5 41.g3 g5 42.Kg2 Kg6 43.Ra2 g4
44.h3 Rd5 45.hxg4 hxg4 46.Rf2 f5 47.Ra2 Kf6 48.Re2 Rd4 49.Kf2 Rd3 50.Kg2 Rd1
51.Kf2 Rd5 52.Kg2 Re5 53.Ra2 Ke6 54.Kf2 Rd5 55.Ke3 Ke5 56.Ra8 Rd6 57.Ra5+ Kf6
58.Ra4 Rd1 59.Ra6+ Kg5 60.Kf2 Rd2+ 61.Kg1 Re2 62.Kf1 Rh2 63.Kg1 Rh6 64.Ra5 Rc6
65.Ra2 Kf6 66.Re2 Re6 67.Ra2 Re3 68.Kg2 Re5 69.Ra6+ Ke7 70.Kf2 Kd7 71.Kf1 Rd5
72.Kf2 Rd6 73.Ra7+ Ke6 74.Ke3 Rd1 75.Ra6+ Ke5 76.Ra5+ Rd5 77.Ra6 Rc5 78.Ra2 Rc3+
79.Kf2 Kd4 80.Ra4+ Rc4 81.Ra2 Kd3 82.Ra3+ Ke4 83.Ra2 Rb4 84.Ke2 Rc4 85.Rb2 Ra4
86.Rd2 Ra3 87.Kf2 Rf3+ 88.Kg2 Rd3 89.Re2+ Kd4 90.Re8 Rd2+ 91.Kf1 Rc2 92.Kg1 Rc5
93.Kf2 Kd3 94.Re3+ Kd2 95.Re2+ Kc3 96.Re3+ Kc4  1/2-1/2

[Event "Open"]
[Site "Moscow RUS"]
[Date "2006.02.06"]
[Round "9"]
[White "Danin,A"]
[Black "Deviatkin,A"]
[Result "0-1"]
[WhiteElo "2429"]
[BlackElo "2528"]

1.e4 g6 2.d4 Bg7 3.Nc3 d6 4.Nge2 Nf6 5.h3 b5 6.e5 Nfd7 7.Nxb5 dxe5 8.dxe5 Bxe5
9.Bf4 Bxf4 10.Nxf4 O-O 11.Bc4 c6 12.Nc3 Qc7 13.Nfe2 Nb6 14.Qd4 Rd8 15.Qh4 Nxc4
16.Qxc4 Ba6 17.Qf4 e5 18.Qe3 Qb6 19.b3 Nd7 20.O-O-O Qb4 21.Ne4 Qe7 22.g4 Nf6
23.Nxf6+ Qxf6 24.Nc3 Qe7 25.Ne4 Rd5 26.Nc3 Rdd8 27.Rhe1 f6 28.Kb1 Rab8 29.Rxd8+ Rxd8
30.f4 Re8 31.g5 fxg5 32.fxe5 Rf8 33.Na4 Bc8 34.e6 Rf5 35.Qc3 c5 36.Qc4 h5
37.a3 Bb7 38.Nc3 Bc6 39.Qa6 Be8  0-1

[Event "ch-GER"]
[Site "Osterburg GER"]
[Date "2006.02.08"]
[Round "6"]
[White "Luther,T"]
[Black "Tischbierek,R"]
[Result "1-0"]
[WhiteElo "2569"]
[BlackElo "2466"]

1.e4 g6 2.d4 d6 3.Nc3 Bg7 4.Be3 a6 5.h3 b5 6.Nf3 Bb7 7.Bd3 Nd7 8.Ne2 Ngf6
9.Ng3 O-O 10.O-O e5 11.dxe5 dxe5 12.a4 Bc6 13.axb5 axb5 14.Qe2 Rxa1 15.Rxa1 Qb8
16.Ra5 b4 17.Bb5 Bb7 18.Qc4 c6 19.Ba6 Ba8 20.Qa2 Ne8 21.Bc8 Qxc8 22.Rxa8 Qc7
23.Ng5 Nd6 24.Ra7 Nb7 25.Qa6 Ndc5 26.Qc4 Qd6 27.Qxb4 h6 28.Nf3 Rb8 29.Qd2 Qf8
30.h4 Ra8 31.Rxa8 Qxa8 32.Bxh6 Qa1+ 33.Kh2 Qxb2 34.Bxg7 Kxg7 35.h5  1-0